000 00564nam a2200205 4500
003 OSt
005 20240621031524.0
006 a
008 240621b |||||||| |||| 00| 0 eng d
020 _a9713005880
040 _aDWCL-Main lib.
_cOC
082 _aFil. 515.35 F314e 1983
100 _aFlorentino, Feliciano T.
245 _aDifferential and integral calculus /
260 _aManila :
_bMerriam & Webster Bookstore,
_cc1983.
300 _b481 pages ;
_c23 cm.
504 _aIncludes index.
650 _a1. Calculus.
942 _2ddc
_n0
_cBK - FIL
_kFil.
999 _c1060
_d1060